Normal view
MARC view
- Bucha ,Muhammad Hammad
Entry Personal Name
001 - CONTROL NUMBER
- control field: 122469
003 - CONTROL NUMBER IDENTIFIER
- control field: NUST
005 - DATE AND TIME OF LATEST TRANSACTION
- control field: 20240424145837.0
008 - FIXED-LENGTH DATA ELEMENTS
- fixed length control field: 240424|| aca||aabn | a|a d
040 ## - CATALOGING SOURCE
- Original cataloging agency: NUST
- Transcribing agency: NUST
100 ## - HEADING--PERSONAL NAME
- Personal name: Bucha ,Muhammad Hammad
670 ## - SOURCE DATA FOUND
- Source citation: Work cat.: (NUST): Bucha ,Muhammad Hammad, Impact of surface roughness on energy harvesting: Comparative study of smooth and rough cylinder /
